000 00640nam a22001937a 4500
005 20250205182506.0
008 250205b |||||||| |||| 00| 0 eng d
020 _a9788121912617
050 _aRC263
_b.D59
100 _aDollinger, Malin
245 _aEveryone's Guide to Cancer Therapy/
_cMalin Dollinger, Ernest H. Rosenbaum, and Greg Cable edited by Richard Hasselback
250 _a2nd ed.
_brevised
260 _aRam Nagar, New Delhi
_bS. Chand & Company
_c1996
300 _axxx. 706p.
_bill.
_c25.5cm
700 _aRosenbaum, Ernest H.
700 _aCable, Greg
700 _aHasselback, Richard
942 _2lcc
_cBK
_e2nd rev. ed.
_n0
999 _c3474
_d3474